000 00248nam a22001097a 4500
020 _a9781481414753
100 _aJohn Christopher
245 _aThe City of Gold and Lead
260 _aNew York
_bAladdin
_c 2014.
300 _a249 pgs.
942 _cBK
999 _c260770
_d260769